LIBRARY & INFORMATION CENTRE, KCAET, TAVANUR

ONLINE PUBLIC ACCESS CATALOGUE (OPAC)

Dictionary of Economic Plants in India / (Record no. 11984)

MARC details
000 -LEADER
fixed length control field 00380cam a2200133ua 4500
082 ## - DEWEY DECIMAL CLASSIFICATION NUMBER
Classification number 581.60954
Item number UMR/DI
100 ## - MAIN ENTRY--AUTHOR NAME
Personal name Umrao, Singh .
100 ## - MAIN ENTRY--AUTHOR NAME
Personal name Wadhwani, A M
100 ## - MAIN ENTRY--AUTHOR NAME
Personal name Johri, B M
245 ## - TITLE STATEMENT
Title Dictionary of Economic Plants in India /
260 ## - PUBLICATION, DISTRIBUTION, ETC. (IMPRINT)
Place of publication New Delhi :
Name of publisher Indian Council for Agricultural Research ,
Year of publication 1996.
300 ## - PHYSICAL DESCRIPTION
Number of Pages 288 ; .
942 ## - ADDED ENTRY ELEMENTS (KOHA)
Koha item type Reference
Holdings
Withdrawn status Lost status Damaged status Collection code Home library Current library Shelving location Date acquired Full call number Accession Number Koha item type
      Reference KAUAET KAUAET Reference 07/04/2012 581.60954.VMR/DIC 20836 Reference
free website counter